Taylor Swift Most Streamed Songs A-Z - Statistics

General Stats
  • This quiz has been taken 195 times
    194 since last reset
  • The average score is 11 of 25
Answer Stats
Letter Streams Song % Correct
B 1.92b Blank Space
78%
C 2.53b Cruel Summer
74%
# 405m 22
70%
S 1.49b Shake It Off
70%
A 1.68b Anti-Hero
59%
L 1.56b Lover
56%
D 1.23b Don't Blame Me
54%
E 851m Enchanted
50%
M 888m ME!
50%
W 1.00b Wildest Dreams
47%
Q 312m Question...?
46%
Y 988m You Need To Calm Down
44%
K 842m Karma
43%
F 684m Fortnight
41%
G 713m Getaway Car
41%
I 885m I Knew You Were Trouble.
39%
O 370m Our Song
39%
R 799m ...Ready For It?
38%
V 429m Vigilante Sh*t
38%
J 61m Jump Then Fall (Taylor's Version)
35%
U 63m Untouchable (Taylor's Version)
29%
P 690m Paper Rings
28%
T 831m The Man
25%
N 313m Now That We Don't Talk (Taylor's Version) (From The Vault)
10%
H 208m Hits Different
9%
No matching quizzes found
Score Distribution
Percent of People with Each Score
Percentile by Number Answered
Your Score History
You have not taken this quiz since the last reset